000 00629nam a2200217Ia 4500
001 21038
003 DO-CoUTE
005 20260204212546.0
008 220104s9999 dr 000 0 spa d
020 _a950-9732-82-6
040 _aDO-CoUTE
_bspa
_cDO-CoUTE
041 0 _aspa
082 _a808.02 D542t
100 1 _aDíaz Ronner, María Aleida
245 1 0 _aTalleres de escritura con las manos en la masa / María Aleida Díaz Ronner
260 _aBuenos Aires, Argentina: Libros del quirquincho
300 _a73 páginas
942 _2ddc
_cBK
999 _c20468
_d20468